|
|
|
|
| LEADER |
00756pam a22002298a 4500 |
| 001 |
00023856 |
| 005 |
20171026081022.0 |
| 008 |
110630s2007 ||||||engsd |
| 020 |
# |
# |
|a 9780324361155
|
| 041 |
0 |
# |
|a eng
|
| 082 |
1 |
4 |
|a 658.8
|b I300T
|
| 100 |
1 |
# |
|a Czinkota, Michael R.
|
| 245 |
1 |
0 |
|a International marketing
|c Michael R. Czinkota, Ilkka A. Ronkainen
|
| 260 |
# |
# |
|a Mason, OH
|b Thomson South-Western
|c 2007
|
| 300 |
# |
# |
|a xxx, 646, [38] p.
|b ill.
|c 28 cm.
|
| 490 |
# |
# |
|a International student ed.
|
| 650 |
# |
4 |
|a Marketing xuất khẩu
|
| 700 |
1 |
# |
|a Ronkainen, Ilkka A.
|
| 852 |
# |
# |
|j KD.0008024
|
| 852 |
# |
# |
|j KD.0008024
|b Kho đọc
|
| 910 |
0 |
# |
|a Ntuyet
|d 30/06/2011
|
| 980 |
# |
# |
|a Trung tâm Học liệu Lê Vũ Hùng, Trường Đại học Đồng Tháp
|